000 00489nam a2200181Ia 4500
008 090124s9999 xx 000 0 und d
082 _b105384
100 _aखांडेकर वि.स.
245 _a मंजिऱ्या
250 _a2
260 _c1955
300 _a155
600 _aखांडेकर वि.स.
630 _a मंजिऱ्या
700 _aखांडेकर वि.स.
730 _a मंजिऱ्या
942 _cBOOK
999 _c151475
_d151475